Big 4 Sports Teams That Haven't Won A Championship - Statistics

General Stats
  • This quiz has been taken 733 times
    604 since last reset
  • The average score is 29 of 41
Answer Stats
Answer % Correct
Carolina Panthers
85%
Florida Panthers
85%
Buffalo Bills
83%
Jacksonville Jaguars
82%
Detroit Lions
81%
Arizona Cardinals
80%
Cleveland Browns
80%
Atlanta Falcons
79%
Cincinnati Bengals
78%
Houston Texans
78%
Minnesota Vikings
76%
Tennessee Titans
76%
Winnipeg Jets
75%
Charlotte Hornets
74%
Los Angeles Chargers
74%
Brooklyn Nets
73%
Memphis Grizzlies
73%
New Orleans Pelicans
73%
Seattle Mariners
73%
Utah Jazz
73%
Los Angeles Clippers
72%
Minnesota Timberwolves
72%
Orlando Magic
72%
Phoenix Suns
72%
Tampa Bay Rays
72%
San Diego Padres
71%
Colorado Rockies
70%
Indiana Pacers
70%
Texas Rangers
70%
Denver Nuggets
67%
Minnesota Wild
66%
Vancouver Canucks
66%
Milwaukee Brewers
64%
Arizona Coyotes
63%
Columbus Blue Jackets
62%
San Jose Sharks
61%
Buffalo Sabres
60%
Nashville Predators
60%
Washington Nationals
60%
Toronto Raptors
55%
St. Louis Blues
53%
No matching quizzes found
Score Distribution
Percent of People with Each Score
Percentile by Number Answered
Your Score History
You have not taken this quiz since the last reset